000 01357nam a2200241Ia 4500
003 Ost
005 20260507075244.0
008 260507s9999||||xx |||||||||||||| ||und||
020 _a41763399579
040 _cfsecg
041 _aara
082 _a330
100 _aالمهداوي، سعد عبد الستار مهدي
_eمؤلف
245 0 _aالجوانب الأخلاقية و المهنية في تكنولوجيا المعلومات /
_c سعد عبد الستار مهدي المهداوي
260 _aعمان:
_bدار الوراق,
_c2009
300 _a231 صفحة؛
_c24 سم
504 _aمراجع ص.231
520 _aمدخل الى الاخلاقيات ، تقييم التكنولوجيا و السيطرة عليها، محفزات التغيير ، حقوق الملكية الفكرية ، الخصوصية ، جرائم الحاسوب ، الاخلاقية المهنية ، المهنيين و الاخلاقيات ، العمل في قطاع تكنولوجيا المعلومات ، ميزات نظم المعلومات المحوسبة ، بعض القوانين والمسائل في جرائم الحاسوب ، التطوير و التدريب في الاخلاقيات .
653 _aآداب المهنة
653 _aالحواسيب
653 _aتكنولوجيا المعلومات
942 _cكتاب
999 _c43648
_d43648